BIBLIOTECA

SENCICO

Manual de dibujo arquitectónico (Registro nro. 2458)

Detalles MARC
000 -LEADER
fixed length control field 00685nam a2200217Ia 4500
005 - DATE AND TIME OF LATEST TRANSACTION
control field 20251020182543.0
008 - FIXED-LENGTH DATA ELEMENTS--GENERAL INFORMATION
fixed length control field 200515s9999 xx 000 0 und d
082 ## - DEWEY DECIMAL CLASSIFICATION NUMBER
Classification number 744.721/CH56
100 ## - MAIN ENTRY--PERSONAL NAME
Personal name CHING, Francis D. K.
245 #0 - TITLE STATEMENT
Title Manual de dibujo arquitectónico
250 ## - EDITION STATEMENT
Edition statement 3a ed.
260 ## - PUBLICATION, DISTRIBUTION, ETC.
Place of publication, distribution, etc. Barcelona
260 ## - PUBLICATION, DISTRIBUTION, ETC.
Date of publication, distribution, etc. 1999
300 ## - PHYSICAL DESCRIPTION
Extent 179
500 ## - GENERAL NOTE
General note 1 ejemplar
520 ## - SUMMARY, ETC.
Summary, etc. Se incluyen los siguientes temas: El valor de línea y de tono.- La axonometría.- La perspectiva y sus formas de construcción.- El uso del valor de tono en las perspectivas.- El boceto a mano alzada
650 ## - SUBJECT ADDED ENTRY--TOPICAL TERM
Topical term or geographic name entry element DIBUJO
650 ## - SUBJECT ADDED ENTRY--TOPICAL TERM
Topical term or geographic name entry element DIBUJO ARQUITECTONICO
650 ## - SUBJECT ADDED ENTRY--TOPICAL TERM
Topical term or geographic name entry element LIB
942 ## - ADDED ENTRY ELEMENTS (KOHA)
Koha item type Libros
Existencias
Fecha de la última vez que lo usaron Pago total Signatura topográfica completa Código de barras Precio efectivo desde Tipo de documento Estado perdido Estado dañado No es para préstamo Retirado Ubicación permanente Ubicación actual Fecha de adquisición
15/05/2020   744.721/CH56 Bib-Lima15052458 15/05/2020 Libros         Biblioteca Central Lima Biblioteca Central Lima 15/05/2020